00678nam a2200229 a 4500001001300000003000900013005001700022008004100039020002300080082001400103100001700117245004100134260004400175300001000219500003500229650002000264700001700284902000800301942000700309952011500316999001700431nice12345678IN_TiNIC20260116014015.0131003s2008 newa grp 000 0 eng  a9780140449617c29900a823bTOL1 aTolstoy, Leo aDeath of Ivan Ilyich & Other Stories aNew Delhi, India bPenguin Books c2008 a317p  aincludes index and biblioraphy aFiction-English1 aTolstoy, Leo bSRS cBK 001040708StackRoom-aHMIbHMId2013-10-03g299.00l0o823 TOL1p024123r2013-10-03v299.00w2013-10-03yBK c13474d13474